| 000 | 01549nab a22002417a 4500 | ||
|---|---|---|---|
| 999 |
_c5615 _d5615 |
||
| 003 | OSt | ||
| 005 | 20251222120353.0 | ||
| 008 | 190429b xxu||||| |||| 00| 0 spa d | ||
| 040 | _cPJ | ||
| 100 |
_94533 _aGonzález Da Silva, Gabriel |
||
| 245 | 1 | 0 |
_aDesregulación, automatismo y riesgo institucional. Crítica a las nuevas disposiciones sobre control de armas en la Argentina / _cGabriel González Da Silva, Paulina Gómez. |
| 260 |
_cCiudad Autónoma de Buenos Aires : _aThomson Reuters La Ley, _b2025. |
||
| 300 | _ap. 204-209 | ||
| 500 | _aCita: TR LALEY AR/DOC/1625/2025. | ||
| 505 | _aSumario: I. Presentación del problema.— II. La res. ANMaC 49/2025 que permite contar con habilitación del Estado Nacional para comercializar, fabricar y reparar armas, entre otras actividades, a nivel local de los municipios, antes de contar con su permiso.— III. La res. ANMaC 45/2025 y la insuficiencia de los mecanismos de control en el trámite express de las habilitaciones.— IV. Palabras finales. | ||
| 505 | _aFallo comentado: TOral Crim. Fed., Mar del Plata ~ 12/06/2024 ~ S., M. L. y otros s/ infracción art. 303 inc. 1° del Cód. Penal. | ||
| 505 | _tSi te interesa el texto completo, solicitalo a koha@justierradelfuego.gov.ar | ||
| 650 | 0 |
_9343 _aDERECHO PENAL |
|
| 650 | 0 |
_92794 _aARMA DE FUEGO |
|
| 700 |
_96589 _aGómez, Paulina _ecoautor |
||
| 773 | 0 |
_02658 _93164 _tRevista de derecho penal y criminología. Nº 7 - Agosto 2025 _dCiudad Autónoma de Buenos Aires : Thomson Reuters La Ley, 2017- _x00347914 |
|
| 942 |
_2udc _cANA |
||